| 000 | 00910 a2200253 4500 | ||
|---|---|---|---|
| 020 | _a0471176966 | ||
| 020 | _a9780471176961 | ||
| 082 | 0 | 4 | _a515.352078553042 |
| 090 |
_c1585 _d1585 |
||
| 100 | 1 | _aCoombes, Kevin R. | |
| 245 | 1 | 0 |
_aDifferential equations with mathematica : _brevised for mathematica / _cKevin R. Coombes, Brian R. Hunt, Ronald L. Lipsman, John E. Osborn, Garrett J. Stuck, Brain R. Hunt. |
| 250 | _a2nd ed. | ||
| 260 |
_a[S.l.] : _bWiley, _c1997. |
||
| 300 |
_a248 p. ; _c64 cm. |
||
| 490 | 1 | _a3.0, 2nd edition. | |
| 700 | 1 | _aHunt, Brian R. | |
| 700 | 1 | _aLipsman, Ronald L. | |
| 700 | 1 | _aOsborn, John E. | |
| 700 | 1 | _aStuck, Garrett J. | |
| 700 | 1 | _aHunt, Brain R. | |
| 830 | 0 | _a3.0, 2nd edition. | |
| 942 |
_aSNS _cBK _k515.352078553042 COO |
||
| 999 |
_c30195 _d30195 |
||